Dodawanie i Odejmowanie - Prosta Matematyka #3 - Statystyki

Ogólne statystyki
  • Ten quiz został rozwiązany 2 145 razy
    2 107 od ostatniego zresetowania
  • Średni wynik to 14 z 20
Statystyki odpowiedzi
Hint Odpowiedź % Poprawnych
10+91 101
100%
17+8 25
98%
36+15 51
97%
64+64 128
95%
109+32 141
95%
39-11 28
89%
118-117 1
88%
51-19 32
85%
209+207 416
76%
501+509 1010
67%
272+1010 1282
67%
36+999 1035
64%
203-75 128
64%
1075+275 1350
64%
1093-124 969
60%
1036-18 1018
53%
989-105 884
53%
1001-9 992
50%
2097-1099 998
40%
356-65 291
34%
Nie znaleziono quizów pasujących do podanych kryteriów
Rozkład punktacji
Procent ludzi z każdym wynikiem
Percentyl według liczby udzielonych odpowiedzi
Twoja historia wyników
Nie rozwiązałeś tego quizu od ostatniego zresetowania